Personnalités Coréennes en image - Statistiques

Statistiques générales
  • Ce quiz a été pris 68 fois
  • Le résultat moyen est 9 sur 32
Statistiques - réponses
Par images Hint Réponse % Correct
Chanteuse Jisoo
74%
Actrice Ahn Eun Jin
68%
Chanteur Jimin
68%
Chanteur Cha Eunwoo
67%
Comédien Ji suk jin
67%
Baseball Ryu Hyun Jin
67%
Chanteuse Jennie
63%
Acteur Song Kang
63%
Chanteur Psy
60%
Chanteur G-Dragon
46%
Acteur Song Joong-Ki
35%
footballeur Son Heung-Min
25%
Acteur Lee Jung Jae
19%
Acteur Park Seo-Joon
19%
Acteur Daniel Dae Kim
18%
youtubeur DEX
18%
Acteur Ji Chang-Wook
18%
Footballeur Lee Kang In
18%
Politique Ban Ki Moon
16%
Chanteur Kim Jong-Kook
11%
Chanteuse Yeri
9%
Réalisateur Bon Joon Ho
7%
Acteur Lee Byung-Hun
5%
Chef Baek jong Won
4%
Acteur Song Kang-ho
4%
Golfeuse Pak Se-Ri
2%
Comédien Yoo Jaesuk
2%
Actrice Heybiblee
0%
Patinage Kim Yuna
0%
Baseball Lee Jung Hoo
0%
Acteur Lim Young Woong
0%
Homme d'Etat Park Chung-Hee
0%
Aucun quiz correspondant
Distribution des résultats
% des personnes avec chaque résultat
Percentile par nombre de réponses
Votre historique - résultats
Vous n’avez pas pris ce quiz